- Drama
Entry Materia
001 - NÚMERO DE CONTROL DEL REGISTRO
- campo de control: 17438
003 - IDENTIFICADOR DE NUMERO DE CONTROL
- campo de control: UPN
005 - FECHA Y HORA DE LA ÚLTIMA TRANSACCIÓN
- campo de control: 20220811095325.0
008 - DATOS DE LONGITUD FIJA
- campo de control de longitud fija: s2006 r 000 0 spa d
010 ## - NÚMERO DE CONTROL DE LA BIBLIOTECA DEL CONGRESO (LC)
- LC control number: sh 85039334
035 ## - NÚMERO DE CONTROL DEL SISTEMA
- Número de control del sistema: UPN10000017446
040 ## - FUENTE DE LA CATALOGACIÓN
- Centro catalogador de origen: DLC
- Lengua de catalogación: spa
- Agencia de transcripción: UPN
046 ## - FECHAS CON CODIFICACIÓN ESPECIAL
- Fecha final para contenidos agregados: 2022
053 ## - NÚMERO CLASIFICADOR - BIBLIOTECA DEL CONGRESO (LC)
- Elemento numérico de la clasificación - Número único o no. inicial del rango: RC489.P7
150 ## - ENCABEZAMIENTO - TEMÁTICO
- Término de materia o nombre geográfico como elemento inicial: Drama
- Subdivisión de materia general: Uso terapéutico
450 ## - VÉASE - MATERIA
- Encabezamiento temático: Actuación
- Subdivisión temática general: Uso terapéutico
450 ## - VÉASE - MATERIA
- Encabezamiento temático: Dramaterapia
450 ## - VÉASE - MATERIA
- Subcampo de control: nne
- Encabezamiento temático: Piscodrama
450 #0 - VÉASE - MATERIA
- Encabezamiento temático: Drama -
- Subdivisión temática general: Therapeutic use
550 ## - VÉASE ADEMÁS - MATERIA
- Subcampo de control: g
- Encabezamiento temático o nombre geográfico como elemento de entrada: Psicoterapia
670 ## - FUENTE EN LA QUE SE LOCALIZARON DATOS
- Cita de la fuente: Biblioteca del Congreso (Estados Unidos), 31 enero 2011:
- Información localizada: Catálogo electrónico (Drama - Therapeutic use)
750 #0 - ASIENTO LIGADO AL ENCABEZAMIENTO - TÉRMINO TEMÁTICO
- Encabezamiento temático: sh 85039334
- Número de control del registro: Drama - Therapeutic use
902 ## - CATALOGADOR
- Catalogador: BDV/BDV
